Statistics for SpongeBob Characters

Click here to take the quiz!

General Stats

  • This quiz has been taken 42,863 times
  • The average score is 12 of 25

Answer Stats

Description Character % Correct
SpongeBob's best friendPatrick Star
100%
Grumpy next door neighborSquidward Tentacles
95%
Krusty Krab ownerMr. Krabs
93%
Squirrel from TexasSandy Cheeks
91%
Chum Bucket ownerSheldon J. Plankton
91%
Pet snailGary
90%
Daughter of the abovePearl Krabs
75%
Owner of the boating schoolMrs. Puff
73%
Sidekick of the aboveBarnacle Boy
70%
Elderly superheroMermaid Man
68%
Goo Lagoon lifeguardLarry the Lobster
64%
Wife of the above,
a computer
Karen
58%
Pirate ghostFlying Dutchman
47%
Wealthy rival of the aboveSquilliam Fancyson
45%
Villains who battle the superheroDirty Bubble
38%
Villains who battle the superheroMan Ray
31%
Pirate / fan club presidentPatchy the Pirate
29%
Pet parrot of the abovePotty the Parrot
14%
News reporterPerch Perkins
8%
SpongeBob's dadHarold SquarePants
5%
Cop (purple fish)Nancy
4%
Cop (orange fish)John
4%
SpongeBob's momMargaret SquarePants
4%
DoctorDr. Gill Gilliam
2%
News anchorfishElaine
2%

Score Distribution

Percentile by Number Answered

Percent of People with Each Score

Your Score History

You have not taken this quiz